000 00243nam a2200097Ia 4500
008 230915s9999 xx 000 0 und d
050 _aLA1501 .T48 1990
100 _aTHOMPSON,A.R
245 0 _aEDUCATION AND DEVELOPMENT IN AFRICA
942 _cBK
999 _c166671
_d166671